Personnages de Coraline - Statistiques

Statistiques générales
  • Ce quiz a été pris 71 fois
  • Le résultat moyen est 3 sur 8
Statistiques - réponses
Par images Réponse % Correct
coraline
100%
chat
49%
l'autre mère
41%
wybie
33%
miss spink
11%
mr bobinsky
10%
charlie jones
8%
mel jones
8%
Aucun quiz correspondant
Distribution des résultats
% des personnes avec chaque résultat
Percentile par nombre de réponses
Votre historique - résultats
Vous n’avez pas pris ce quiz